00929nam a2200229 a 450000100100000000500170001000800410002704000250006808200160009310000360010924500740014526000530021930000280027249000110030050400320031159000260034371000610036983000180043095201140044895201200056299900170068200004190920251120073733.0131021s1985 dr a r 000 0 spa d aDO-SdBNPbspacBNPHU axxxxbF316p1 aFeliz Alcantara, Osmundo96880010aPsicología :bsu aplicación a la vida /cOsmundo Feliz Alcantara. aSantiago, República Dominicana :bUCMM,c1985. a454 p. :bil. ;c22 cm.1 aTextos aBibliografía : p. 451-454 aInventariado, 2019/BT2 aPontificia Universidad Católica Madre y Maestra 9843 0aTextos914460 0010718PDaPDbPDcHDd2013-10-21iLF1l0oxxxx F316pp41909-10r2020-06-25w2020-06-25yLFPDZNo se presta 0011718PDaPDbPDcMId2018-05-07iLF1l0oxxxx F316pp41909-20r2020-06-25te. 2w2020-06-25yLFPDZNo se presta c41398d41398